[Event "Barcelona Primavera La Lira op 11th"]
[Site "Barcelona"]
[Date "2018.05.31"]
[Round "8"]
[White "Hernandez Funes, Hector"]
[Black "Parayre Soguero, Jordi"]
[Result "1-0"]
[WhiteElo "1899"]
[BlackElo "1875"]
[PlyCount "57"]
[EventDate "2018.04.12"]
[EventType "swiss"]
[EventRounds "9"]
[EventCountry "ESP"]
[SourceTitle "CBM 184 Extra"]
[Source "ChessBase"]
[SourceDate "2018.06.28"]
[SourceVersion "1"]
[SourceVersionDate "2018.06.28"]
[SourceQuality "1"]

1. Nf3 d5 2. d4 Nf6 3. e3 c5 4. b3 cxd4 5. exd4 Nc6 6. Bb2 Bg4 7. Be2 e6 8. 0-0 Be7 9. Nbd2 0-0 10. Ne5 Bxe2 11. Qxe2 Rc8 12. Ndf3 Qa5 13. Nxc6 Rxc6 14. Ne5 Rc7 15. c4 Qa6 16. Rfc1 Rfc8 17. Rc3 Bd6 18. Rh3 Bxe5 19. dxe5 Ne4 20. Qh5 h6 21. Bc1 dxc4 22. Bxh6 g6 23. Qh4 Qxa2 24. Rxa2 cxb3 25. Ra1 b2 26. Rf1 f6 27. Qxe4 f5 28. Qb1 Rc2 29. Rb3 1-0

[Event "Barcelona Primavera La Lira op 11th"]
[Site "Barcelona"]
[Date "2018.04.12"]
[Round "1"]
[White "Hernandez Funes, Hector"]
[Black "Serentill Tost, Eduard"]
[Result "1-0"]
[WhiteElo "1899"]
[BlackElo "1659"]
[PlyCount "71"]
[EventDate "2018.04.12"]
[EventType "swiss"]
[EventRounds "9"]
[EventCountry "ESP"]
[SourceTitle "CBM 184 Extra"]
[Source "ChessBase"]
[SourceDate "2018.06.28"]
[SourceVersion "1"]
[SourceVersionDate "2018.06.28"]
[SourceQuality "1"]

1. Nf3 Nf6 2. d4 g6 3. e3 Bg7 4. b3 0-0 5. Bb2 d6 6. Bd3 Nc6 7. 0-0 a6 8. c4 Nb4 9. Be2 Bf5 10. Nc3 c5 11. a3 Nc6 12. d5 Ne5 13. Nxe5 dxe5 14. g4 Bc8 15. g5 Ne8 16. Ne4 b6 17. Qd2 Nd6 18. Nxd6 exd6 19. e4 f6 20. f4 exf4 21. Rxf4 fxg5 22. Rxf8+ Qxf8 23. Rf1 Qe7 24. Bxg7 Kxg7 25. Qc3+ Kg8 26. Qf6 Qxf6 27. Rxf6 b5 28. cxb5 axb5 29. Rxd6 Kf7 30. Rd8 Ke7 31. Rh8 h5 32. Bxb5 Kd6 33. a4 Ke5 34. Re8+ Kd6 35. Kf2 Rb8 36. Ke3 1-0

[Event "Barcelona Ideal Clave op 21st"]
[Site "Barcelona"]
[Date "2017.11.18"]
[Round "7"]
[White "Hernandez Funes, Hector"]
[Black "Montalban Colell, Bernat"]
[Result "1-0"]
[WhiteElo "1927"]
[BlackElo "1770"]
[PlyCount "63"]
[EventDate "2017.09.30"]
[EventType "swiss"]
[EventRounds "8"]
[EventCountry "ESP"]
[SourceTitle "CBM 181 Extra"]
[Source "ChessBase"]
[SourceDate "2017.12.12"]
[SourceVersion "1"]
[SourceVersionDate "2017.12.12"]
[SourceQuality "1"]

1. Nf3 d6 2. d4 Nf6 3. Bf4 g6 4. e3 Bg7 5. h3 c5 6. c3 Qb6 7. Qb3 0-0 8. Nbd2 Be6 9. Bc4 Qxb3 10. Bxb3 Bxb3 11. axb3 cxd4 12. exd4 Nc6 13. 0-0 Nd5 14. Bg3 Bh6 15. Rfe1 Nf4 16. Bxf4 Bxf4 17. d5 Ne5 18. g3 Bxd2 19. Nxd2 g5 20. Kg2 f5 21. Nf3 Nxf3 22. Kxf3 Rf7 23. b4 h5 24. h4 g4+ 25. Kf4 Rc8 26. Re6 Rc4+ 27. Kg5 f4 28. Rxa7 Rc8 29. Rxb7 fxg3 30. fxg3 Rcf8 31. Rbxe7 Rxe7 32. Rxe7 1-0

[Event "Barcelona Ideal Clave op 21st"]
[Site "Barcelona"]
[Date "2017.11.11"]
[Round "6"]
[White "Palomero Galvez, Antonio"]
[Black "Hernandez Funes, Hector"]
[Result "1/2-1/2"]
[WhiteElo "1670"]
[BlackElo "1927"]
[PlyCount "91"]
[EventDate "2017.09.30"]
[EventType "swiss"]
[EventRounds "8"]
[EventCountry "ESP"]
[SourceTitle "CBM 181 Extra"]
[Source "ChessBase"]
[SourceDate "2017.12.12"]
[SourceVersion "1"]
[SourceVersionDate "2017.12.12"]
[SourceQuality "1"]

1. Nf3 Nf6 2. c4 e6 3. Nc3 d5 4. d4 a6 5. cxd5 exd5 6. Bg5 c6 7. e3 Bd6 8. Bd3 h6 9. Bxf6 Qxf6 10. Rc1 0-0 11. h3 Re8 12. 0-0 Bf5 13. Bxf5 Qxf5 14. a4 a5 15. Re1 Nd7 16. Nd2 Nf6 17. Qc2 Qxc2 18. Rxc2 Re6 19. Rec1 Rae8 20. Kh1 Nd7 21. Ne2 g5 22. Nb3 Bb4 23. Nc5 Nxc5 24. dxc5 Kg7 25. Nd4 Re5 26. Re2 f5 27. Rcc2 Kf6 28. b3 Re4 29. g3 R8e7 30. Kg2 f4 31. gxf4 gxf4 32. Kf3 Rg7 33. Rc1 fxe3 34. fxe3 Rh4 35. Rh2 Ba3 36. Rcc2 Rg1 37. Ke2 Rg3 38. Rf2+ Kg6 39. Nf5 Rhxh3 40. Nxg3 Rxg3 41. Rh2 Rg1 42. Kf3 Rb1 43. Rc3 Bb4 44. Rd3 Bxc5 45. Rg2+ Kf7 46. Kg4 1/2-1/2

[Event "Barcelona Ideal Clave op 20th"]
[Site "Barcelona"]
[Date "2016.10.08"]
[Round "2"]
[White "Hernandez Funes, Hector"]
[Black "Fontela Hidalgo, Victor"]
[Result "1-0"]
[WhiteElo "1940"]
[BlackElo "1570"]
[PlyCount "97"]
[EventDate "2016.10.01"]
[EventType "swiss"]
[EventRounds "8"]
[EventCountry "ESP"]
[SourceTitle "EXT 2018"]
[Source "ChessBase"]
[SourceDate "2017.10.13"]
[SourceVersion "1"]
[SourceVersionDate "2017.10.13"]
[SourceQuality "1"]

1. c4 e6 2. Nc3 f5 3. g3 Nf6 4. Bg2 c6 5. e4 fxe4 6. Nxe4 Nxe4 7. Bxe4 Qf6 8. Ne2 d5 9. Bg2 Bd6 10. Qc2 0-0 11. 0-0 Nd7 12. d4 e5 13. cxd5 c5 14. dxc5 Nxc5 15. Nc3 Bf5 16. Ne4 Nxe4 17. Bxe4 Rac8 18. Qd3 Bh3 19. Bg2 Bf5 20. Qb3 Rc2 21. Be3 b6 22. Rac1 Rfc8 23. Rxc2 Rxc2 24. a4 Qg6 25. Rc1 Rxc1+ 26. Bxc1 Bc2 27. Qc4 Qd3 28. Qxd3 Bxd3 29. Bd2 a5 30. Be3 Bc5 31. Bf1 Be4 32. Bxc5 bxc5 33. d6 Kf7 34. Bb5 Bf5 35. f3 Ke6 36. g4 Bg6 37. d7 Ke7 38. Kf2 Bf7 39. Ke3 Bd5 40. h4 g6 41. g5 c4 42. f4 exf4+ 43. Kxf4 Be6 44. Ke5 Bxd7 45. Bxd7 Kxd7 46. Kd5 Kc7 47. Kxc4 Kb8 48. Kb5 Ka7 49. Kxa5 1-0

[Event "Foment Martinenc op-B 16th"]
[Site "Barcelona"]
[Date "2014.06.14"]
[Round "8"]
[White "Diaz Nieto, Alberto"]
[Black "Hernandez Funes, Hector"]
[Result "1-0"]
[WhiteElo "2043"]
[BlackElo "2090"]
[PlyCount "111"]
[EventDate "2014.04.26"]
[EventType "swiss"]
[EventRounds "9"]
[EventCountry "ESP"]
[SourceTitle "EXT 2015"]
[Source "ChessBase"]
[SourceDate "2014.11.20"]
[SourceVersion "1"]
[SourceVersionDate "2014.11.20"]
[SourceQuality "1"]

1. d4 Nf6 2. c4 g6 3. Nc3 Bg7 4. e4 d6 5. f4 0-0 6. Bd3 c5 7. d5 e6 8. dxe6 Bxe6 9. f5 Bd7 10. Nf3 gxf5 11. exf5 Re8+ 12. Ne2 Ne4 13. Bxe4 Rxe4 14. 0-0 Bc6 15. Ng3 Rg4 16. Nh5 Bd4+ 17. Kh1 Nd7 18. h3 Re4 19. Ng3 Qe7 20. Nxe4 Qxe4 21. Qd2 Qxf5 22. Qg5+ Qxg5 23. Nxg5 Ne5 24. Rb1 h6 25. Nf3 Be4 26. Nxe5 dxe5 27. Bxh6 f5 28. Rbe1 Bd3 29. Rf3 Bxc4 30. Rxf5 Kh7 31. Bc1 Rg8 32. Rfxe5 Bxe5 33. Rxe5 Bf1 34. Bg5 c4 35. h4 Bd3 36. Re7+ Rg7 37. Rxg7+ Kxg7 38. Bd2 Be2 39. Kh2 Kg6 40. Kg3 Kf5 41. Kf2 Bh5 42. Ke3 Bf7 43. Kd4 Kg4 44. Bg5 Kg3 45. Ke5 Kxg2 46. Kf6 Be8 47. Ke7 Bh5 48. Kd6 Be8 49. Kc7 b5 50. Kb7 a5 51. Kb6 a4 52. a3 Kf3 53. h5 Kg4 54. h6 Bg6 55. Bd2 Kh5 56. Kxb5 1-0

[Event "Foment Martinenc op-A 15th"]
[Site "Barcelona"]
[Date "2013.06.01"]
[Round "7"]
[White "Castellet Menchon, Cora"]
[Black "Hernandez Funes, Hector"]
[Result "1-0"]
[WhiteElo "1799"]
[BlackElo "1916"]
[PlyCount "49"]
[EventDate "2013.04.20"]
[EventType "swiss"]
[EventRounds "9"]
[EventCountry "ESP"]
[SourceTitle "CBM 154 Extra"]
[Source "ChessBase"]
[SourceDate "2013.06.25"]
[SourceVersion "2"]
[SourceVersionDate "2013.06.25"]
[SourceQuality "1"]

1. d4 Nf6 2. c4 e6 3. Nc3 d5 4. cxd5 exd5 5. Bg5 Be7 6. Qc2 0-0 7. e3 b6 8. Bd3 h6 9. Bh4 Ba6 10. Nf3 Bxd3 11. Qxd3 Nc6 12. Qb5 Nb4 13. Bxf6 gxf6 14. 0-0 c5 15. a3 a6 16. Qa4 Nd3 17. dxc5 Ne5 18. Nh4 bxc5 19. Qf4 Ng6 20. Nxg6 fxg6 21. Qxh6 g5 22. Qg6+ Kh8 23. Rad1 d4 24. exd4 cxd4 25. Rd3 1-0

[Event "Barcelona Primavera La Lira op 5th"]
[Site "Barcelona"]
[Date "2012.05.17"]
[Round "5"]
[White "Hernandez Funes, Hector"]
[Black "Garcia Llargues, Daniel"]
[Result "1/2-1/2"]
[WhiteElo "1870"]
[BlackElo "1827"]
[PlyCount "48"]
[EventDate "2012.04.19"]
[EventType "swiss"]
[EventRounds "9"]
[EventCountry "ESP"]
[SourceTitle "CBM 148 Extra"]
[Source "ChessBase"]
[SourceDate "2012.06.22"]
[SourceVersion "1"]
[SourceVersionDate "2012.06.22"]
[SourceQuality "1"]

1. e4 d5 2. exd5 Qxd5 3. Nc3 Qd8 4. d4 Nf6 5. Be2 Bf5 6. Nf3 e6 7. Bf4 c6 8. Nh4 Bg6 9. Nxg6 hxg6 10. a3 Bd6 11. Bxd6 Qxd6 12. g3 Nbd7 13. Qd3 Nb6 14. Bf3 0-0-0 15. 0-0-0 e5 16. dxe5 Qxe5 17. Qe2 Rxd1+ 18. Nxd1 Qxe2 19. Bxe2 Re8 20. Bf3 Nc4 21. Nc3 Kc7 22. h3 Ne5 23. Bg2 Nc4 24. Rd1 Nd6 1/2-1/2

[Event "Mollet del Valles 80 Anniv op-B"]
[Site "Mollet del Valles"]
[Date "2011.12.10"]
[Round "7.5"]
[White "Serentill Tost, Eduard"]
[Black "Hernandez Funes, Hector"]
[Result "0-1"]
[WhiteElo "1723"]
[BlackElo "1904"]
[PlyCount "66"]
[EventDate "2011.12.04"]
[EventType "swiss"]
[EventRounds "8"]
[EventCountry "ESP"]
[SourceTitle "EXT 2024"]
[Source "ChessBase"]
[SourceDate "2023.10.10"]
[SourceVersion "1"]
[SourceVersionDate "2023.10.10"]
[SourceQuality "1"]

1. e4 c5 2. Nf3 d6 3. d4 cxd4 4. Nxd4 Nf6 5. Nc3 a6 6. Be2 e6 7. Be3 Qc7 8. Qd2 b5 9. Bd3 Bb7 10. f3 Nbd7 11. 0-0-0 b4 12. Nce2 d5 13. exd5 Bxd5 14. Nb3 Nc5 15. Nxc5 Bxc5 16. Bxc5 Qxc5 17. Kb1 0-0 18. Rdf1 a5 19. Nf4 Bc4 20. Qf2 Qc7 21. g3 a4 22. Qd4 Bxd3 23. Nxd3 b3 24. Qc5 Qb7 25. cxb3 axb3 26. a3 Rfc8 27. Qb4 Qd5 28. Nf4 Qf5+ 29. Ka1 Qc2 30. Rb1 Rc4 31. Qd6 Rc6 32. Qe7 Rac8 33. Rhd1 Qxd1 0-1

[Event "Mollet del Valles 80 Anniv op-B"]
[Site "Mollet del Valles"]
[Date "2011.12.05"]
[Round "2.1"]
[White "Hernandez Funes, Hector"]
[Black "Penalver Guardia, Josep"]
[Result "1-0"]
[WhiteElo "1904"]
[BlackElo "1733"]
[PlyCount "79"]
[EventDate "2011.12.04"]
[EventType "swiss"]
[EventRounds "8"]
[EventCountry "ESP"]
[SourceTitle "EXT 2024"]
[Source "ChessBase"]
[SourceDate "2023.10.10"]
[SourceVersion "1"]
[SourceVersionDate "2023.10.10"]
[SourceQuality "1"]

1. e4 e6 2. d4 d5 3. exd5 exd5 4. Nf3 Nc6 5. Bf4 Bd6 6. Bxd6 Qxd6 7. c3 Nge7 8. Bd3 Bf5 9. 0-0 0-0 10. Re1 Rae8 11. Na3 a6 12. Nc2 Bxd3 13. Qxd3 Qg6 14. Qd2 Nf5 15. Rac1 Nd6 16. Ne3 Ne4 17. Qc2 Qd6 18. Qb3 Rd8 19. Re2 Na5 20. Qxd5 Nxc3 21. Rxc3 Qxd5 22. Nxd5 Rxd5 23. Rxc7 h5 24. g3 Rb5 25. Re5 Rxe5 26. dxe5 Rd8 27. b4 Nc6 28. Rxb7 Rd3 29. Kg2 Ra3 30. Rb6 Ne7 31. Rb8+ Kh7 32. Ra8 Rxa2 33. b5 a5 34. b6 Rb2 35. Rxa5 Rxb6 36. Ra7 Re6 37. Rd7 g5 38. Rd6 Kg6 39. Nd4 Nc8 40. Nxe6 1-0

[Event "Barcelona La Lira Spring op 3rd"]
[Site "Barcelona"]
[Date "2010.05.20"]
[Round "6.7"]
[White "Hernandez Funes, Hector"]
[Black "Martinez Hernandez, Emili"]
[Result "1-0"]
[WhiteElo "1952"]
[BlackElo "1820"]
[PlyCount "87"]
[EventDate "2010.04.15"]
[EventType "swiss"]
[EventRounds "8"]
[EventCountry "ESP"]
[SourceTitle "EXT 2024"]
[Source "ChessBase"]
[SourceDate "2023.10.10"]
[SourceVersion "1"]
[SourceVersionDate "2023.10.10"]
[SourceQuality "1"]

1. e4 c5 2. Nf3 e6 3. d4 cxd4 4. Nxd4 Nf6 5. Nc3 a6 6. e5 Ng8 7. Bd3 Bb4 8. Bd2 Bxc3 9. Bxc3 Qg5 10. Nf3 Qe7 11. 0-0 f6 12. Nh4 f5 13. Qh5+ Qf7 14. Qe2 Ne7 15. a4 g5 16. Nf3 Rg8 17. Kh1 g4 18. Nd2 Nd5 19. Nc4 Qf8 20. Nd6+ Ke7 21. Bd2 Nc6 22. c3 Qg7 23. Rae1 a5 24. Bxf5 Nxe5 25. Nxc8+ Raxc8 26. Qxe5 Qxe5 27. Rxe5 Kf6 28. Rxd5 exd5 29. Bxh7 Rh8 30. Bd3 Rh5 31. Be2 Rg8 32. Bf4 Kf5 33. Bg3 Re8 34. Re1 Kf6 35. f3 gxf3 36. Bxf3 Rxe1+ 37. Bxe1 Rf5 38. Bf2 Ke7 39. Bd4 Kd6 40. h4 Ke7 41. h5 Kf7 42. Kg1 Kg8 43. Kf2 Kh7 44. g4 1-0

[Event "Barcelona La Lira-A 12th"]
[Site "Barcelona"]
[Date "2009.07.22"]
[Round "5"]
[White "Ritter Aguilar, Jordi"]
[Black "Hernandez Funes, Hector"]
[Result "1/2-1/2"]
[WhiteElo "2027"]
[BlackElo "1952"]
[PlyCount "115"]
[EventDate "2009.07.18"]
[EventType "tourn"]
[EventRounds "9"]
[EventCountry "ESP"]
[SourceTitle "EXT 2011"]
[Source "ChessBase"]
[SourceDate "2010.11.26"]
[SourceVersion "1"]
[SourceVersionDate "2010.11.26"]
[SourceQuality "1"]

1. e4 c5 2. f4 Nf6 3. Nc3 d6 4. Bb5+ Bd7 5. Bxd7+ Qxd7 6. Nf3 Nc6 7. d4 cxd4 8. Nxd4 g6 9. 0-0 Bg7 10. Nf3 Rd8 11. Qe2 0-0 12. Kh1 Qg4 13. Be3 Nh5 14. g3 Bxc3 15. bxc3 e5 16. Ng1 Qxe2 17. Nxe2 exf4 18. Nxf4 Nf6 19. Nd5 Nxe4 20. Bh6 Rfe8 21. Rf4 Re5 22. Rxe4 Rxd5 23. Bf4 g5 24. Be3 h6 25. h4 Rf5 26. g4 Re5 27. Rxe5 Nxe5 28. hxg5 hxg5 29. Bxg5 Rc8 30. Be7 Nxg4 31. Rg1 f5 32. Bf6 Kf7 33. Bd4 a6 34. Kg2 Re8 35. Kf3 Re4 36. Rh1 Ke6 37. Rh5 b5 38. a3 a5 39. Rh8 Ne5+ 40. Kf2 Nc4 41. Rh6+ Kd7 42. Rf6 Nxa3 43. Rxf5 Nxc2 44. Rxb5 Nxd4 45. cxd4 a4 46. d5 a3 47. Rb7+ Kc8 48. Ra7 Re5 49. Rxa3 Rxd5 50. Ra7 Re5 51. Kf3 Kb8 52. Rd7 Re6 53. Kf4 Kc8 54. Ra7 Re5 55. Kf3 Kd8 56. Kf4 Ke8 57. Rb7 Re7 58. Rxe7+ 1/2-1/2

[Event "Cullera op-B"]
[Site "Cullera"]
[Date "2006.07.27"]
[Round "8"]
[White "Hernandez Funes, Hector"]
[Black "Vidal Moscardo, Blas"]
[Result "1-0"]
[WhiteElo "1974"]
[BlackElo "1899"]
[PlyCount "67"]
[EventDate "2006.07.20"]
[EventType "tourn"]
[EventRounds "8"]
[EventCountry "ESP"]
[SourceTitle "EXT 2007"]
[Source "ChessBase"]
[SourceDate "2006.11.23"]
[SourceVersion "1"]
[SourceVersionDate "2006.11.23"]
[SourceQuality "1"]

1. e4 e5 2. Nf3 Nc6 3. Bc4 Be7 4. d4 exd4 5. Nxd4 Ne5 6. Bb3 d6 7. 0-0 c5 8. Nf5 Bxf5 9. exf5 Nf6 10. f4 Nc6 11. g4 Qb6 12. Re1 0-0-0 13. g5 Ng8 14. Bxf7 h6 15. Be6+ Kb8 16. Nc3 hxg5 17. Nd5 Qb5 18. Bxg8 Bf6 19. Nxf6 gxf6 20. Be6 gxf4 21. Bxf4 Ne5 22. Qe2 Qxb2 23. Bxe5 dxe5 24. Red1 Kc7 25. Rab1 Qc3 26. Rd3 Qa5 27. Qg2 b6 28. Qg7+ Kb8 29. Qxf6 b5 30. Qxe5+ Kb7 31. Bd5+ Kc8 32. Qe6+ Kb8 33. Qc6 Rxd5 34. Rxb5+ 1-0